| 000 | 01204 a2200301 4500 | ||
|---|---|---|---|
| 003 | OSt | ||
| 005 | 20180116192337.0 | ||
| 008 | 120518t xxu||||| |||| 00| 0 eng d | ||
| 010 | _a 2004014267 | ||
| 020 | _a0791464113 (hardcover : alk. paper) | ||
| 040 | _c0 | ||
| 082 | 0 | 0 | _a726.201 |
| 100 | 1 |
_aAkkach, Samer. _91759 |
|
| 245 | 1 | 0 |
_aCosmology and architecture in premodern Islam : _ban architectural reading of mystical ideas / _cSamer Akkach. |
| 260 |
_aAlbany : _bState University of New York Press, _c2005. |
||
| 300 |
_axxv, 262 p. : _bill. ; _c24 cm. |
||
| 440 | 0 |
_aSUNY series in Islam _91760 |
|
| 500 | _aIncludes bibliographical refrences and index | ||
| 505 | _aPART I : DISCURSIVE ORDER-- PART II: METAPHYSICAL ORDER-- PART III: COSMIC ORDER-- PART IV: ARCHITECTURAL ORDER-- | ||
| 650 | 0 |
_aIslamic art and symbolism. _91761 |
|
| 650 | 0 |
_aSymbolism in architecture. _91762 |
|
| 650 | 0 |
_aIslamic architecture. _91763 |
|
| 650 | 0 |
_aIslamic cosmology. _91764 |
|
| 650 | 0 |
_aSufism. _91765 |
|
| 856 | 4 | 1 |
_3Table of contents _uhttp://www.loc.gov/catdir/toc/ecip0418/2004014267.html |
| 942 |
_aSADA _cBK _k726.201 AKK 2005 _2ddc |
||
| 999 |
_c352517 _d352517 |
||